Japanese swordsmanship : (Record no. 12960)
[ view plain ]
| 000 -LEADER | |
|---|---|
| fixed length control field | 00513cam a2200193Ia 4500 |
| 020 ## - INTERNATIONAL STANDARD BOOK NUMBER | |
| ISBN | 0834802368 (pbk.) |
| 020 ## - INTERNATIONAL STANDARD BOOK NUMBER | |
| ISBN | 9780834802360 (pbk.) |
| 040 ## - CATALOGING SOURCE | |
| Transcribing agency | UUM |
| 082 ## - DEWEY DECIMAL CLASSIFICATION NUMBER | |
| Classification number | 796 WEA 1991 A086 Or. |
| 100 1# - MAIN ENTRY--AUTHOR NAME | |
| Personal name | Warner, Gordon. |
| 245 10 - TITLE STATEMENT | |
| Title | Japanese swordsmanship : |
| Remainder of title | technique and practice / |
| 250 ## - EDITION STATEMENT | |
| Edition statement | 1st paperback ed. |
| 260 ## - PUBLICATION, DISTRIBUTION, ETC. (IMPRINT) | |
| Place of publication | New York : |
| Name of publisher | Weatherhill, |
| Year of publication | 1991. |
| 300 ## - PHYSICAL DESCRIPTION | |
| Number of Pages | xiii, 296 p. : |
| Other physical details | ill. ; |
| Dimensions | 26 cm. |
| 650 #0 - SUBJECT ADDED ENTRY--TOPICAL TERM | |
| Topical Term | Iaido. |
| 650 #0 - SUBJECT ADDED ENTRY--TOPICAL TERM | |
| Topical Term | Swordplay |
| 700 1# - ADDED ENTRY--PERSONAL NAME | |
| Personal name | Draeger, Donn F. |
| 942 ## - ADDED ENTRY ELEMENTS (KOHA) | |
| Koha item type | សៀវភៅភាសាអង់គ្លេស |
| 952 ## - LOCATION AND ITEM INFORMATION (KOHA) | |
| Withdrawn status [LOCAL, KOHA] | 0 |
| Permanent Location | Date acquired | Koha item type | Lost status | Shelving location | Barcode | Current Location | Full call number |
|---|---|---|---|---|---|---|---|
| Library Block A | 2017-08-18 | សៀវភៅភាសាអង់គ្លេស | A086 | A19607 | Library Block A | 796 WEA 1991 A086 Or. |